Trường điện từ - sóng điện từ trong y học

Sự ra đời lí thuyết điện từ trường của Maxwell. Giả thuyết và hệ phương trình Maxwell về trường điện từ. Các tính chất của sóng điện từ và thang sóng điện từ. Sóng điện từ trong y học.

Kaydedildi:
Detaylı Bibliyografya
Yazar: Võ Đại
Diğer Yazarlar: Nguyễn Văn Đông (Hướng dẫn)
Materyal Türü: Kitap
Baskı/Yayın Bilgisi: Đà Nẵng Đại học Sư phạm, Đại học Đà Nẵng 2012
Konular:
Etiketler: Etiketle
Etiket eklenmemiş, İlk siz ekleyin!
Thư viện lưu trữ: Mạng thư viện Đại học Đà Nẵng
LEADER 01748nam a2200337 4500
001 000017374
003 13792
005 20130409150426.0
008 130409s2012 sd
082 |a 537.12  |b VO-Đ 
100 1 |a Võ Đại 
245 |a Trường điện từ - sóng điện từ trong y học  |c Võ Đại ; Nguyễn Văn Đông hướng dẫn  |k Khóa luận tốt nghiệp 
260 |a Đà Nẵng  |b Đại học Sư phạm, Đại học Đà Nẵng  |c 2012 
300 |a 63 tr.  |b Hình mh.  |c 29 cm.  |e Đĩa CD, bản tóm tắt 
500 |a Khóa luận tốt nghiệp đại học. Chuyên ngành: Sư phạm Vật Lý 
504 |a Mục lục đầu trang, tài liệu tham khảo tr. 73 - 74, phụ lục [13 tr.] 
520 |a Sự ra đời lí thuyết điện từ trường của Maxwell. Giả thuyết và hệ phương trình Maxwell về trường điện từ. Các tính chất của sóng điện từ và thang sóng điện từ. Sóng điện từ trong y học. 
600 1 4 |b Vua  |c Đinh Tiên Hoàng 
650 0 4 |a Sóng điện từ  |a Trường điện tử  |v Khóa luận tốt nghiệp  |x Y học 
653 |a Sóng điện từ  |a Khoa Vật lý  |a Y học  |a Trường điện tử 
700 |a Nguyễn Văn Đông  |e Hướng dẫn 
OWN |a LSP 
AVA |a UDN50  |b LSP  |d 537.12 VO-Đ  |e available  |t Error 5001 Not defined in file expand_doc_bib_avail.  |f 1  |g 0  |h N  |i 0  |k 1 
999 |a From the UDN01 
AVA |a UDN50  |b LSP  |d 537.12 VO-Đ  |e available  |t Error 5001 Not defined in file expand_doc_bib_avail.  |f 1  |g 0  |h N  |i 0  |k 1 
TYP |a Monograph 
TYP |a Printed language 
980 |a Mạng thư viện Đại học Đà Nẵng